| 000 | 00538nam a22001691 4500 | ||
|---|---|---|---|
| 082 | 0 | 0 |
_a330.12 _bDUE _cL-27, P-73 |
| 100 | 1 |
_aDue, John Fitzgerald. _937832 |
|
| 245 | 1 | 0 |
_aIntermediate economic analysis; _cby John F. Due and Robert W. Clower. |
| 250 | _a4th ed. | ||
| 260 |
_aHomewood, Ill., _bR. D. Irwin _c[1961] |
||
| 300 |
_a545 p. _billus. _c24 cm. |
||
| 490 | 0 | _aThe Irwin series in economics | |
| 526 |
_a0 _b0 _c0 _d330_120000000000000_DUE |
||
| 650 | 0 |
_aEconomics. _91437 |
|
| 700 | 1 |
_aClower, Robert W., _937833 |
|
| 942 |
_2ddc _cBK |
||
| 999 |
_c542598 _d542598 |
||